000 00591nam a22002417a 4500
003 LK-CoDNM
005 20241120135211.0
008 241015b |||||||| |||| 00| 0 eng d
040 _aLK-CoDNM
_dLK-CoDNM
_eLK-CoDNM
041 _aeng
080 _aPM
_bE2
100 _a
245 _aThe Maha Bodhi-1926 ( Vol.34 )
_bNo.8
260 _aCulcutta
_bGouranga press
_c1926
300 _b46p. ; 25 cm
500 _aMonthly magazine
650 _aThe Maha Bodhi-1926 ( Vol.34 )
650 _aNo.8
650 _aPM E2
650 _a1926
650 _aMonthly magazine
942 _cBK
999 _c231329
_d231329